00613cam a2200181 a 4500008004100000020001500041035001200056050002600068100003100094245007900125250001100204260004700215300002100262440002600283650003000309651004600339651004600385040524s1989 mx 000 0 spa u a9688421782 aa43720900aHV5840 .M4 bG37 19891 aGarcía Ramírez, Sergio10aNarcotráfico :bun punto de vista mexicano /cSergio García Ramírez. a1a ed. aMéxico :bMiguel Angel Porrúa, c1989. a604 p. ;c23 cm. 4aLas ciencias sociales 0aNarcotráfico zMéxico 4aMéxico xRelaciones exteriores zE.U.A. 4aE.U.A. xRelaciones exteriores zMéxico